LEADER 00717nam0 2200241 450 001 000016599 005 20080926124313.0 010 $a0262031531 100 $a20080926d1990----km-y0itay50------ba 101 0 $aeng 102 $aUS 105 $ay-------001yy 200 1 $aCheating the government$ethe economics of evasion$fFrank A. Cowell 210 $aCambridge (Mass.)$cMIT$dc1990 215 $aXII, 267 p.$d22 cm 610 1 $aEvasioni fiscali$aStati Uniti d'America 676 $a336.2 700 1$aCowell,$bFrank Alan$0117649 801 0$aIT$bUNIPARTHENOPE$c20080926$gRICA$2UNIMARC 912 $a000016599 951 $a916/3$b7738$cNAVA2$d2008 996 $aCheating the government$91201906 997 $aUNIPARTHENOPE